mysqli: Table './ulib62015/stat_globaluid' is marked as crashed and should be repaired
select id from stat_globaluid where statuid='20260518024641_1705'
mysqli: Table './ulib62015/stat_globaluid' is marked as crashed and should be repaired
DELETE FROM stat_globaluid
WHERE id NOT IN (
SELECT id
FROM (
SELECT id
FROM stat_globaluid
ORDER BY id DESC
LIMIT 100
) foo
);
mysqli: Table './ulib62015/stat_globaluid' is marked as crashed and should be repaired
insert into stat_globaluid set
statuid='20260518024641_1705',
dt='1779047201',
phpself='/ULIB62015/dublinfull.php',
agent='Mozilla/5.0 AppleWebKit/537.36 (KHTML, like Gecko; compatible; ClaudeBot/1.0; +claudebot@anthropic.com)',
yea='2026',
mon='5',
dat='18',
ip='216.73.216.45'
mysqli: Table './ulib62015/stathist_viewbib_bib_type' is marked as crashed and should be repaired
insert into stathist_viewbib_bib_type set
dat='18' ,
mon='05' ,
yea='2026' ,
statuid='20260518024641_1705' ,
head='13399120302' ,
foot='marc' ,
dt='1779047201'
| LEADER : 00000nam 2200000uu 4500 |
| 008 121115s||||||||th 000 0 tha d |
| 020 ^a9789748410302
|
| 050 4 ^aRS190.V5^bศ486
|
| 060 4 ^aQU160^bศ486 2550
|
| 100 0 ^aศิริวรรณ สุทธจิตต์
|
| 245 10 ^aวิตามิน /^cศิริวรรณ สุทธจิตต์
|
| 246 14 ^aคู่มือสุขภาพเกี่ยวกับวิตามิน :^bวิตามิน
|
| 250 ^aพิมพ์ครั้งที่ 1
|
| 260 ^aกรุงเทพฯ :^bThe Knowledge Center,^c2550
|
| 300 ^a425 หน้า :^bภาพประกอบ
|
| 650 7 ^aวิตามิน
|
| 650 7 ^aเภสัชวิทยา
|
| 945 ^p369^l0^i019250
|
| 945 ^p0^l0^i019251 |
| 999 ^aยมมะณา จันทร์ฉิม
|
| คุณยังไม่ได้ล็อกอิน คุณสามารถมีกิจกรรมร่วมกับเว็บไซต์ได้ แต่ต้องล็อกอินก่อน :: |
|
|
|
| ลำดับที่ |
ประเภท |
เลขเรียก/บาร์โค้ด |
สถานที่ |
สถานะ |
| 1. |
 หนังสือ | RS190.V5 ศ486 ฉ.1 Barcode: 019250 | หนังสือทั่วไป | บนชั้น ขอยืม |
| 2. |
 หนังสือ | RS190.V5 ศ486 ฉ.2 Barcode: 019251 | หนังสือทั่วไป | บนชั้น ขอยืม |
รายการใกล้เคียง
หัวเรื่อง [วิตามิน] หัวเรื่อง [เภสัชวิทยา]
|
|
ยังไม่เคยถูกคอมเมนท์
|
| คอมเมนท์ทรัพยากรรายการนี้ |
|